| 000 | 00715cam a22002292 4500 | ||
|---|---|---|---|
| 001 | 0000019201 | ||
| 005 | 20151217152148.0 | ||
| 008 | 101019s xx 000 0 eng d | ||
| 020 | _a0132050293 | ||
| 040 |
_aKABU _cKABU |
||
| 050 | 0 |
_aT58.6 _b.M35 2007 |
|
| 100 | 1 |
_aMcLeod, Raymond. _@0000156066 |
|
| 245 | 1 | 0 |
_aManagement information systems / _cRaymond McLeod, Jr., George Schell. |
| 250 | _a10th ed. | ||
| 260 |
_aUpper Saddle River, NJ : _bPrentice Hall, _cc2007. |
||
| 300 | _axxix, 447 p. | ||
| 650 | 0 |
_aManagement information systems. _@0000148209 |
|
| 700 | 1 |
_aSchell, George P. _@0000156067 |
|
| 852 | 1 | _9p6238.70 KES | |
| 908 | _a101019 | ||
| 950 | _@1 | ||
| 999 |
_c8870 _d8870 |
||